000 01773cam a22004694i 4500
003 PE-LiUPU
005 20250731173523.0
008 150616s r 000 0 d
020 _a0802807151
035 _a(Sirsi) i9780802807151
040 _aPE-LiUPU
_bspa
_cPE-LiUPU
_erda
049 _aPRUA
082 0 4 _a230.221
_bK65
_221
100 1 _aKnierim, Rolf P,
_eautor.
245 1 4 _aThe Task of Old Testament Theology /
_cRolf P Knierim.
264 1 _aMichigan :
_bWm. Eerdmans Publishing Co.,
_c1995.
300 _a602 páginas ;
_c23 centímetros
336 _atext
_2rdacontent
337 _aunmediated
_2rdamedia
338 _avolume
_2rdacarrier
504 _aIncluye bibliografía.
505 0 _aThe task of Old Testament theology.- The interpretation of the Old Testament.- Revelation in the Old Testament.- Cosmos and history in Israel's theology.- Food, land, and justice.- Hope in the Old Testament.- The Spirituality of the Old Testament.- The composition of the Pentateuch.- The book of Numbers.
526 _aSEG42
526 _aSEG41
526 _aSEG40
526 _aSEG39
526 _aP94
526 _aP87
526 _aP86
526 _aP85
526 _aP77
526 _aP76
526 _aP35
630 _aBiblia.
_pA.T.
_xTEOLOGIA.
910 _ajck
_bjvq
_cjck
942 _2ddc
_cBOOK
949 _a230.221 K65
_wDEWEY
_c1
_i42130
_lCCODEBUL1
_mBUL
_r0
_sY
_tBOOK
_u2015-6-16
_xTEOLOGIA
_zUNKNOWN
_0COMPRA
_o.STAFF. Colección General
994 _aC0
_bPEPRU
596 _a1
999 _a230.221 K65
_wDEWEY
_c59823
_i42130
_f2021-11-9
_g5
_lCCODEBUL1
_mBUL
_q1
_r0
_sY
_tBOOK
_u2015-6-16
_xTEOLOGIA
_zUNKNOWN
_0COMPRA
_o.STAFF. Colección General
_d59823
980 _81
_gALBERTO SANCHEZ Responsable de Automatización